| 000 | 00779nam a2200241 i 4500 | ||
|---|---|---|---|
| 001 | 8325 | ||
| 003 | ES-MaACL | ||
| 005 | 20230906145432.0 | ||
| 007 | t| | ||
| 008 | 920504s1991 sp |||| | spa d | ||
| 020 | _a84-7888-049-6 | ||
| 080 | _a335.5:339.2 | ||
| 100 | 1 |
_aDahrendorf, Ralf. _942451 |
|
| 245 | 1 | 0 |
_aReflexiones sobre la revolución en Europa en una carta pensada para un caballero de Varsovia / _cRalf Dahrendorf. |
| 260 |
_aBarcelona : _bEmecé, _cD.L. 1991. |
||
| 300 |
_a193 p. ; _c22 cm. |
||
| 490 | 1 | _aColección reflexiones | |
| 650 | 4 |
_aRevoluciones- _zEuropa- _yS.XX. _9162628 |
|
| 651 | 4 |
_aEuropa oriental- _xPolítica y gobierno- _y1989- _9141313 |
|
| 830 | 0 |
_aColección reflexiones _9227967 |
|
| 852 |
_aES-MaACL _jL-15717 |
||
| 999 |
_c8325 _d8325 |
||